00441nam a2200145Ia 4500008004100000100001800041245006800059245001800127260003900145260000900184300001100193650001800204650001500222856005800237170221s9999 xx 000 0 und d aGuo Jing-ying a“Your Secrets Are Safe with me”: Opening Prison Counseling  cGuo Jing-ying bStudies in Media and Communication c2013 a33 : 4 xCommunication xMedia Arts uhttp://redfame.com/journal/index.php/smc/issue/view/3